| 000 | 01064nab a2200277 i 4500 | ||
|---|---|---|---|
| 001 | 193721 | ||
| 003 | ES-MaACL | ||
| 005 | 20250807063228.0 | ||
| 007 | t| | ||
| 008 | 240207s1910 sp ||||1| spa d | ||
| 040 |
_aES-MaACL _bspa _cES-MaACL |
||
| 245 | 0 | 3 | _aEl Congreso contra la Trata de Blancas |
| 260 |
_a[Madrid : _bBlanco y Negro, _c1910] |
||
| 300 |
_a1 página : _b2 ilustraciones ; _c30 cm |
||
| 336 |
_2rdacontent _atexto |
||
| 337 |
_2rdamedia _asin mediación |
||
| 338 |
_2rdacarrier _avolumen |
||
| 500 | _aFotocopia del artículo sobre el Congreso contra la Trata de Blancas celebrado en el Ateneo de Madrid, publicado en la revista "Blanco y negro", 20 de octubre de 1910, n. 1016 | ||
| 610 | 2 | 4 |
_aAteneo de Madrid- _vConferencias- _y1900-1939 _91907 |
| 611 | 2 | 4 |
_aCongreso contra la Trata de Blancas _c(Madrid. _d1910) _9241603 |
| 650 | 4 |
_917641 _aTrata de blancas- _vCongresos y asambleas |
|
| 852 | 4 |
_aES-MaACL _cDEPOF _j2347-F-65 _9201255 |
|
| 942 |
_2udc _cANAB _n0 |
||
| 999 |
_c193721 _d193721 |
||